Top 10 Länder nach Papayaproduktion - Statistiken

Allgemein
  • Dieses Quiz wurde 13 mal gespielt
  • Das Durchschnittsergebnis liegt bei 7 aus 10
Antwortstatistiken
Platz Anbaumenge in Tonnen Land % Korrekt
2 1.256.703 Brasilien
100%
7 668.834 China
91%
1 5.540.000 Indien
91%
3 1.168.266 Indonesien
91%
5 1.134.753 Mexiko
82%
9 189.801 Peru
73%
6 895.054 Nigeria
55%
10 165.912 Philippinen
55%
8 211.046 Demokratische Republik Kongo
45%
4 1.156.667 Dominikanische Republik
9%
Keine übereinstimmenden Quizze gefunden
Verteilung der Resultate
Anzahl Personen mit jedem Resultat
Perzentil nach korrekt beantworteten Fragen
Ihre Resultats-Entwicklung
Sie haben dieses Quiz noch nicht gespielt